| 000 | 00383nam a2200145Ia 4500 | ||
|---|---|---|---|
| 008 | 210716s2003 xx 000 0 und d | ||
| 041 | _aeng | ||
| 082 | _a658.4038 MURC | ||
| 100 | _aMurthy, C S V. | ||
| 245 | _aManagement information systems. | ||
| 250 | _a1 | ||
| 260 |
_aNew Delhi _bHimalaya Publishing House _c2003 |
||
| 300 | _a373 | ||
| 650 | _aManagement Information Systems | ||
| 999 |
_c203439 _d203439 |
||